Statistics for NFL Teams Most Likely To Make the Playoffs (12/21/19)

Click here to take the quiz!

General Stats

  • This quiz has been taken 15 times
    (7 since last reset)
  • The average score is 11 of 12

Answer Stats

Odds Record Team % Correct
10-5Buffalo Bills
100%
12-3Green Bay Packers
100%
10-5Houston Texans
100%
11-4Kansas City Chiefs
100%
12-3New England Patriots
100%
12-3New Orleans Saints
100%
12-3San Francisco 49ers
100%
11-4Seattle Seahawks
100%
75%8-7Philadelphia Eagles
100%
10-5Minnesota Vikings
83%
57%8-7Tennessee Titans
83%
13-2Baltimore Ravens
67%

Score Distribution

Percentile by Number Answered

Percent of People with Each Score

Your Score History

You have not taken this quiz since the last reset